| 000 | 01458naa a22003377a 4500 | ||
|---|---|---|---|
| 001 | BR7804274 | ||
| 003 | BR-BrBNA | ||
| 005 | 20240918174117.0 | ||
| 007 | ta | ||
| 008 | 230509b bl.||||| |||| 00| 0 por d | ||
| 040 |
_aBR-BrBNA _bpor _cBiblioteca Nacional de Agricultura |
||
| 041 | _a(Pt) | ||
| 072 |
_aH50; F00 _b0710 _bG514 |
||
| 090 | _aH50 BR7804274 | ||
| 100 | 1 | _aDucroquet, J.P.H.J. | |
| 111 | 1 |
_a4. Congresso Brasileiro de Fruticultura _cSalvador, BA (Brazil) _d23 Jan 1977 |
|
| 245 | 1 | _aEfeito de produtos quimicos no controle a queda antecipada de folhas na cultivar de Macieira Golden delicious Malus domestica Bork [Disturbio vegetal; Santa Catarina; Brasil] | |
| 260 | 3 |
_aCruz das Almas, BA (Brasil): _c1977. |
|
| 500 | _aCunha Sobrinho, A.P.; Matos, A.P.; de (eds.) Anais do 4. Congresso Brasileiro de Fruticultura Cruz das Almas, BA (Brasil): 1977. p. 249-255 (BR7804274-AM)H50 | ||
| 650 | _aDisturbio vegetal | ||
| 650 | _aProducao vegetal | ||
| 650 | _aMaca | ||
| 650 | _aComposto quimico | ||
| 650 | _aDeficiencia mineral | ||
| 650 | _aDeficiencia nutricional | ||
| 650 | _aQueda das folhas | ||
| 650 | _aSanta Catarina | ||
| 773 | 0 |
_tAnais do 4. Congresso Brasileiro de Fruticultura _aCunha Sobrinho, A.P.; Matos, A.P.; de (eds.). Sociedade Brasileira de Fruticultura, Cruz das Almas, BA _wH50 BR7804274 _gCruz das Almas, BA (Brasil), 1977. p. 249-255 |
|
| 909 |
_a202404 _bLucia _c55 _dLucia Elande |
||
| 942 |
_cAM _2AGRIS |
||
| 999 |
_c308976 _d308976 |
||